000 00383cam a2200157ua 4500
041 _aeng
_h
082 _a828.09
_bBOT/IZ
100 _aBottrall, Margaret .
245 _aIzaak Walton /
_cMargaret Bottrall.
_hTextual Documents
250 _a1 /
_b.
260 _aLondon :
_bLongman Green and Co ,
_c1955.
300 _a40 ; .
504 _a
942 _cBK
999 _c6805
_d6805